Zlaté a strieborné : Chovateľská prehliadka trofejí

Podrobná bibliografia
Médium: Článok
Jazyk:Slovak
Témy:
Zdroj: 1. Slovenský východ 1. Roč. 4/23, č. 67(1994), dát. 0322, s. 2
LEADER 00755nab#a2200289#ar4500
001 000037921
003 SVKKK
005 00000000000000.0
008 c xo e sloo
FMT
038 |a SVKKK 
040 |a SVKKK  |b slo  |e AACR2 
041 0 |a slo 
044 |a xo  |c SK 
080 |a 639.  |2 1981 
100 0 |a (dz)  |4 com 
245 1 0 |a Zlaté a strieborné :  |b Chovateľská prehliadka trofejí  |c (dz) , 
650 0 4 |a trofeje poľovnícke  |x Vranov n/Topľou  |x r.1993  |x prehliadka  |x ocenenia  |x informácie 
773 0 |t Slovenský východ  |g Roč. 4/23, č. 67(1994), dát. 0322, s. 2 
957 |a Vranov n/Topľou 
958 |a NP 
958 |a RE 
974 |d 941222  |a Čr 
992 |a RBX 
BAS
852 |a SVKKK  |b BIB 
998 |a REG